| 000 | 00458nam a2200181Ia 4500 | ||
|---|---|---|---|
| 003 | GCL | ||
| 005 | 20240530095927.0 | ||
| 008 | 140319s9999 xx 000 0 eng d | ||
| 040 |
_aGCL / _cGCL |
||
| 082 | 0 | 4 |
_a786.2 _bS P |
| 100 | 1 | _aSTARR, WILLIAM | |
| 245 | 1 | 0 |
_aPRACTICAL PIANO SKILLS / _cSTARR, WILLIAM |
| 260 |
_a[S.N] : _bWM. C. BROWN PUBLISHERS ، _c1992 |
||
| 300 | _a200 P | ||
| 650 | 0 | 4 | _aMUSIC |
| 700 | 1 | _aSTARR, CONSTANCE | |
| 942 |
_2ddc _cBK |
||
| 999 |
_c12175 _d12175 |
||